[Event "Kiev-ch"]
[Site "Kiev"]
[Date "1999.??.??"]
[Round "1"]
[White "Gerasimchuk, Oleg"]
[Black "Kazarian, Georgy"]
[Result "1-0"]
[WhiteElo "2371"]
[BlackElo "2126"]
[PlyCount "65"]
[EventDate "1999.02.??"]
[EventType "swiss"]
[EventRounds "11"]
[EventCountry "UKR"]
[SourceTitle "EXT 2000"]
[Source "ChessBase"]
[SourceDate "1999.11.16"]
[SourceVersion "1"]
[SourceVersionDate "1999.11.16"]
[SourceQuality "1"]

1. e4 c5 2. Nf3 e6 3. d4 cxd4 4. Nxd4 Nc6 5. Nb5 d6 6. c4 a6 7. Nd4 Nf6 8. Nc3 Be7 9. Be2 Qc7 10. Be3 Bd7 11. 0-0 Nxd4 12. Qxd4 0-0 13. Rac1 Rac8 14. Rfd1 Rfd8 15. b4 Qb8 16. b5 e5 17. Qd3 axb5 18. cxb5 Be6 19. Bb6 Re8 20. Qb1 Nd7 21. Be3 b6 22. Nd5 Bxd5 23. Rxc8 Rxc8 24. Rxd5 Nf6 25. Rd1 Qb7 26. f3 d5 27. exd5 Nxd5 28. Qe4 Bc5 29. Bxc5 Rxc5 30. Bc4 g6 31. Rxd5 Qe7 32. Rxc5 Qxc5+ 33. Kf1 1-0

[Event "Kiev-ch"]
[Site "Kiev"]
[Date "1999.??.??"]
[Round "9"]
[White "Strelnikov, Oleg"]
[Black "Gerasimchuk, Oleg"]
[Result "1/2-1/2"]
[WhiteElo "2390"]
[BlackElo "2371"]
[PlyCount "148"]
[EventDate "1999.02.??"]
[EventType "swiss"]
[EventRounds "11"]
[EventCountry "UKR"]
[SourceTitle "EXT 2000"]
[Source "ChessBase"]
[SourceDate "1999.11.16"]
[SourceVersion "1"]
[SourceVersionDate "1999.11.16"]
[SourceQuality "1"]

1. e4 e5 2. Nf3 Nc6 3. Nc3 Nf6 4. Bb5 Bb4 5. 0-0 0-0 6. d3 d6 7. Bg5 Bxc3 8. bxc3 Qe7 9. Re1 Nd8 10. d4 Ne6 11. Bc1 Rd8 12. a4 c5 13. h3 Nf8 14. Bf1 Ng6 15. d5 h6 16. g3 Nh7 17. Nh2 Bd7 18. c4 Re8 19. h4 Rad8 20. Ra3 Bc8 21. Bg2 Bd7 22. Bd2 Rf8 23. Ng4 Bxg4 24. Qxg4 Qd7 25. Qf3 Rfe8 26. Kh2 Qc7 27. Bh3 Re7 28. Rb1 Rb8 29. a5 Rbe8 30. Qg4 Kh8 31. Qe2 Kg8 32. Rf3 Kh8 33. Rf5 Rb8 34. Qe1 Rbe8 35. Qc1 Rg8 36. Rb3 Ngf8 37. Rff3 Ng6 38. Rb1 Rb8 39. Bf5 Ngf8 40. Rfb3 Qd8 41. Qb2 Ng6 42. Bh3 Nf6 43. Re1 Qe8 44. Qc3 Nh7 45. Reb1 Nf6 46. Qf3 Nh7 47. R1b2 Qd8 48. Qd1 Qc7 49. Qc1 Qd8 50. Kg1 Rc7 51. Kf1 Qe8 52. Ra3 Qe7 53. Kg1 Ngf8 54. Kh2 Ng6 55. Qe1 Re8 56. Rab3 Kg8 57. Qh1 Kh8 58. Kg1 Rb8 59. Bf5 Ngf8 60. f4 Kg8 61. Rd3 f6 62. Rb1 Qe8 63. Ra1 Re7 64. h5 Nd7 65. Bg4 Qd8 66. Qh3 Nhf8 67. Bf5 Kh8 68. Qh4 Re8 69. Rb3 Qc7 70. Rab1 Kg8 71. Qg4 Re7 72. Be6+ Kh8 73. Bf5 Kg8 74. Rf3 Kh8 1/2-1/2

[Event "Kiev-ch"]
[Site "Kiev"]
[Date "1998.??.??"]
[Round "6"]
[White "Gerasimchuk, Oleg"]
[Black "Galinsky, Timofey"]
[Result "1-0"]
[WhiteElo "2370"]
[BlackElo "2315"]
[PlyCount "76"]
[EventDate "1998.??.??"]
[EventType "swiss"]
[EventRounds "11"]
[EventCountry "UKR"]
[SourceTitle "EXT 2000"]
[Source "ChessBase"]
[SourceDate "1999.11.16"]
[SourceVersion "1"]
[SourceVersionDate "1999.11.16"]
[SourceQuality "1"]

1. e4 d5 2. exd5 Qxd5 3. Nc3 Qa5 4. d4 Nf6 5. Nf3 c6 6. Bc4 Bf5 7. Ne5 e6 8. g4 Bg6 9. h4 Nbd7 10. Nxd7 Nxd7 11. h5 Be4 12. Rh3 Bg2 13. Re3 Nb6 14. Bd3 Nd5 15. f3 Nxc3 16. bxc3 Qxc3+ 17. Bd2 Qxd4 18. Rb1 Qf6 19. Kf2 Bh3 20. Kg3 Bxg4 21. fxg4 Bd6+ 22. Kh3 Qf2 23. Qe2 Qxe2 24. Rxe2 0-0-0 25. Bc3 f6 26. Rxe6 h6 27. Bf5 Kc7 28. Rd1 Bc5 29. Rd3 Rxd3+ 30. Bxd3 b6 31. Kg3 a5 32. Kf4 Rd8 33. Re4 Rd5 34. Re8 Bd6+ 35. Kf3 a4 36. Rg8 b5 37. Rxg7+ Kb6 38. Bxf6 c5 1-0

[Event "Kiev-ch"]
[Site "Kiev"]
[Date "1998.??.??"]
[Round "1"]
[White "Kiselev, Alexander"]
[Black "Gerasimchuk, Oleg"]
[Result "0-1"]
[WhiteElo "2150"]
[BlackElo "2370"]
[PlyCount "118"]
[EventDate "1998.??.??"]
[EventType "swiss"]
[EventRounds "11"]
[EventCountry "UKR"]
[SourceTitle "EXT 2000"]
[Source "ChessBase"]
[SourceDate "1999.11.16"]
[SourceVersion "1"]
[SourceVersionDate "1999.11.16"]
[SourceQuality "1"]

1. e4 e5 2. Nf3 Nc6 3. Bb5 a6 4. Ba4 Nf6 5. d4 exd4 6. e5 Ne4 7. 0-0 Be7 8. Nxd4 0-0 9. c3 Nxe5 10. Bc2 d5 11. f3 Nf6 12. Re1 Bd6 13. Bg5 h6 14. Bh4 Ng6 15. Bf2 c5 16. Nf5 Bxf5 17. Bxf5 Qc7 18. g3 Rfe8 19. Rxe8+ Rxe8 20. Nd2 Ne5 21. f4 Nc6 22. Qf3 Na5 23. b3 b5 24. Rc1 Qc6 25. Re1 Rxe1+ 26. Bxe1 c4 27. b4 Qe8 28. Bf2 Nc6 29. a3 g6 30. Bh3 Ne4 31. Nxe4 dxe4 32. Qd1 Qe7 33. Be3 Bb8 34. Bg2 Qe6 35. a4 f5 36. axb5 axb5 37. Qa1 Qd7 38. Qa8 Kf7 39. Bc5 Qc8 40. h4 Ke6 41. Kh2 Kd7 42. Qa2 Kc7 43. Qd2 Qe6 44. Qe3 Qd5 45. h5 gxh5 46. Qe2 Qf7 47. Qd1 Kc8 48. Kh3 Bc7 49. Bf1 h4 50. Kxh4 Qf6+ 51. Kh3 Qxc3 52. Qd5 Qf6 53. Be3 Nxb4 54. Qxb5 Nc2 55. Bc1 c3 56. Bc4 Nd4 57. Qe8+ Kb7 58. Bd5+ Nc6 59. Ba3 c2 0-1

[Event "Kiev-ch"]
[Site "Kiev"]
[Date "1998.??.??"]
[Round "10"]
[White "Schweitzer, Viktoriya"]
[Black "Gerasimchuk, Oleg"]
[Result "0-1"]
[WhiteElo "2150"]
[BlackElo "2370"]
[PlyCount "106"]
[EventDate "1998.??.??"]
[EventType "swiss"]
[EventRounds "11"]
[EventCountry "UKR"]
[SourceTitle "EXT 2000"]
[Source "ChessBase"]
[SourceDate "1999.11.16"]
[SourceVersion "1"]
[SourceVersionDate "1999.11.16"]
[SourceQuality "1"]

1. e4 d5 2. exd5 Nf6 3. d4 Nxd5 4. c4 Nb6 5. Nc3 e5 6. Qe2 Qxd4 7. Nf3 Qd8 8. Qxe5+ Qe7 9. Bf4 c6 10. 0-0-0 Qxe5 11. Bxe5 Be6 12. Ng5 N8d7 13. Nxe6 fxe6 14. Bd4 Nf6 15. Be2 Kf7 16. g4 h6 17. h4 Nfd7 18. Ne4 Nf6 19. Nxf6 gxf6 20. g5 e5 21. Bh5+ Ke6 22. Bg4+ Kf7 23. Bxb6 axb6 24. Rd7+ Kg6 25. gxf6 Kxf6 26. f4 Bc5 27. fxe5+ Kxe5 28. a3 Rad8 29. Re1+ Kf4 30. Rg7 Rhg8 31. Rf1+ Kg3 32. Rf3+ Kh2 33. Rff7 Be3+ 34. Kb1 Bd4 35. Rxg8 Rxg8 36. Bd1 Rg2 37. b3 Kg3 38. Rf3+ Kh2 39. Rf7 Rb2+ 40. Kc1 Ra2 41. a4 Be3+ 42. Kb1 Rd2 43. Bc2 Kg3 44. h5 Kg4 45. Bg6 Bd4 46. Rd7 Kf3 47. Kc1 Ke2 48. Bc2 Bb2+ 49. Kxb2 Rxd7 50. Bf5 Rf7 51. Bc8 Kd3 52. Be6 Rf2+ 53. Ka3 Kc3 0-1

[Event "Kiev-ch"]
[Site "Kiev"]
[Date "1998.??.??"]
[Round "8"]
[White "Simkin, Yuri Efimovich"]
[Black "Gerasimchuk, Oleg"]
[Result "1-0"]
[WhiteElo "2245"]
[BlackElo "2370"]
[PlyCount "93"]
[EventDate "1998.??.??"]
[EventType "swiss"]
[EventRounds "11"]
[EventCountry "UKR"]
[SourceTitle "EXT 2000"]
[Source "ChessBase"]
[SourceDate "1999.11.16"]
[SourceVersion "1"]
[SourceVersionDate "1999.11.16"]
[SourceQuality "1"]

1. d4 Nf6 2. c4 g6 3. Nc3 d5 4. Nf3 Bg7 5. h4 c5 6. dxc5 Qa5 7. cxd5 Ne4 8. Bd2 Nxc3 9. Bxc3 Bxc3+ 10. bxc3 Qxc3+ 11. Nd2 Na6 12. Rc1 Qa5 13. Qc2 0-0 14. h5 Bd7 15. hxg6 fxg6 16. Qc3 Qxc3 17. Rxc3 Rac8 18. Ne4 Nb4 19. d6 exd6 20. Nxd6 Rc7 21. e4 Be6 22. a3 Nc6 23. Nb5 Rd7 24. Be2 Rfd8 25. 0-0 Rd2 26. Re1 Rb2 27. Nd6 Nd4 28. Bf1 b6 29. e5 bxc5 30. Rxc5 Ra2 31. Rc7 Rf8 32. Ne4 Rf7 33. Rc3 Kg7 34. f3 Re7 35. f4 Bf5 36. Nd6 Ne6 37. Rg3 Kf8 38. Bc4 Rc2 39. Bb3 Rb2 40. Nxf5 gxf5 41. Rc1 Rc7 42. Rg8+ Ke7 43. Rg7+ Kd8 44. Rd1+ Ke8 45. Ba4+ Kf8 46. Rxc7 Nxc7 47. Rd8+ 1-0